[Event "Kreis-Mitte-EM"]
[Site "Zirndorf"]
[Date "2014.01.05"]
[Round "5.4"]
[White "Rummel, Gerald"]
[Black "Pidtoptanyy, Igor"]
[Result "0-1"]
[WhiteElo "1844"]
[BlackElo "1816"]
[PlyCount "90"]
[EventDate "2014.??.??"]
[WhiteTeam "SC Anderssen Nbg."]
[BlackTeam "SW Nürnberg Süd"]

1. d4 Nf6 2. Bg5 e6 3. e4 h6 4. Bxf6 Qxf6 5. c3 d5 6. e5 Qg6 7. Nf3 h5 8. g3
Be7 9. Bd3 Qh6 10. h4 c5 11. Qd2 Qxd2+ 12. Nbxd2 Nc6 13. O-O Bd7 14. Ng5 Bxg5
15. hxg5 cxd4 16. f4 dxc3 17. bxc3 g6 18. Nb3 Ke7 19. Rf2 Rhc8 20. Kf1 Nd8 21.
Rc2 Ba4 22. c4 dxc4 23. Bxc4 Bxb3 24. axb3 Nc6 25. Rd2 Rd8 26. Rxd8 Kxd8 27.
Bb5 Kc7 28. Rc1 a6 29. Bxc6 bxc6 30. Ra1 Rb8 31. Rxa6 Rxb3 32. Ra7+ Rb7 33. Ra8
Kb6 34. Ke2 c5 35. Rc8 Rd7 36. Ke3 Kb5 37. Rb8+ Kc4 38. Rb6 Kc3 39. Rd6 Rb7 40.
Rc6 c4 41. Ke2 Kd4 42. Rd6+ Ke4 43. Rc6 Rb2+ 44. Ke1 Kf3 45. Rxc4 Kxg3 0-1

[Event "Kreis-Mitte-EM"]
[Site "Zirndorf"]
[Date "2014.01.05"]
[Round "5.5"]
[White "Lais, Thomas"]
[Black "Babichev, Vyacheslav"]
[Result "1-0"]
[WhiteElo "1899"]
[BlackElo "1683"]
[PlyCount "39"]
[EventDate "2014.??.??"]
[WhiteTeam "SW Nürnberg Süd"]
[BlackTeam "SW Nürnberg Süd"]

1. e4 e6 2. d4 b6 3. Bd3 Bb7 4. Nf3 Be7 5. O-O Nf6 6. Qe2 d6 7. Rd1 O-O 8. e5
Nfd7 9. Nbd2 c5 10. exd6 Bxd6 11. Ne4 Be7 12. dxc5 bxc5 13. Neg5 h6 14. Nxe6
fxe6 15. Qxe6+ Kh8 16. Qg6 Nf6 17. Bxh6 Rg8 18. Ne5 Bd5 19. Qh7+ Nxh7 20. Ng6#
1-0

[Event "Kreis-Mitte-EM"]
[Site "Zirndorf"]
[Date "2014.01.05"]
[Round "5.8"]
[White "Thürauf, Peter"]
[Black "Pörzgen, Michael"]
[Result "1-0"]
[WhiteElo "1823"]
[BlackElo "1586"]
[PlyCount "143"]
[EventDate "2014.??.??"]
[WhiteTeam "SW Nürnberg Süd"]
[BlackTeam "SW Nürnberg Süd"]

1. d4 Nf6 2. Nf3 g6 3. c4 Bg7 4. g3 d6 5. Bg2 O-O 6. O-O c6 7. Nc3 Na6 8. h3
Re8 9. Be3 Bd7 10. Rc1 Rc8 11. Qb3 Rc7 12. d5 Nc5 13. Bxc5 dxc5 14. e4 Bc8 15.
Rcd1 Rd7 16. Ne5 Rd6 17. Nd3 Nd7 18. f4 Bd4+ 19. Kh2 e5 20. dxe6 Rdxe6 21. Ne2
Qb6 22. Qc2 Nf8 23. Nxd4 cxd4 24. c5 Qc7 25. Ne5 Rxe5 26. fxe5 Qxe5 27. Qf2 Re7
28. Qxd4 Qxd4 29. Rxd4 Ne6 30. Rd6 Kg7 31. b4 Ng5 32. Rd8 Bd7 33. Rd1 Be8 34.
Re1 f6 35. h4 Nf7 36. Rd4 Ne5 37. Kh1 Bd7 38. a4 Kf7 39. Rb1 a6 40. Rd6 Nc4 41.
Rd4 Ne5 42. Rf1 Be6 43. Ra1 Bd7 44. Ra3 Kg7 45. Bf1 Kf7 46. Kg2 Kg7 47. Rb3 Be6
48. Rb2 Rd7 49. Rbd2 Rxd4 50. Rxd4 Bd7 51. Be2 Kf7 52. Kf2 Ke7 53. Ke3 Kf7 54.
Kf4 h5 55. Rd2 Ke7 56. Rb2 Kd8 57. Rb1 Ke7 58. Ke3 Kd8 59. b5 axb5 60. axb5 Ke7
61. b6 Nf7 62. Ra1 Nd8 63. Ra5 Bc8 64. Ra8 Be6 65. Kd4 Bd7 66. Bc4 Be8 67. Ra7
Bd7 68. e5 f5 69. Ra8 Be6 70. Rxd8 Bxc4 71. Rd6 Be6 72. Rxc6 1-0

[Event "Kreis-Mitte-EM"]
[Site "Zirndorf"]
[Date "2014.01.05"]
[Round "5.9"]
[White "Gottlieb, Michael"]
[Black "Drees, Martin"]
[Result "0-1"]
[WhiteElo "1505"]
[BlackElo "1711"]
[PlyCount "110"]
[EventDate "2014.??.??"]
[WhiteTeam "SC Postbauer-Heng"]
[BlackTeam "TSV Cadolzburg"]

1. e4 e5 2. Nf3 Nc6 3. Bc4 Nf6 4. d3 d6 5. h3 Be6 6. Bb3 Be7 7. Nc3 Bxb3 8.
axb3 O-O 9. O-O d5 10. exd5 Nxd5 11. Re1 Nxc3 12. bxc3 Bf6 13. Bb2 Re8 14. Re2
Qd7 15. Qe1 a6 16. Ra4 Re7 17. Nd2 g6 18. Ne4 Bg7 19. Nc5 Qc8 20. Ba3 Re8 21.
Bb2 f5 22. b4 b6 23. Nb3 Qd7 24. Qa1 Qc8 25. Qa2 Kh8 26. Nd2 b5 27. Ra3 Qe6 28.
Qxe6 Rxe6 29. Nb3 e4 30. dxe4 Rxe4 31. Rxe4 fxe4 32. Nc5 Nxb4 33. cxb4 Bxb2 34.
Rxa6 Re8 35. Re6 Rxe6 36. Nxe6 Be5 37. Nc5 Bd6 38. Nxe4 Bxb4 39. Kf1 Kg7 40.
Ke2 Be7 41. Kd3 c5 42. f3 Kf7 43. c3 Ke6 44. Nd2 Ke5 45. Nf1 Bg5 46. g3 Kd5 47.
f4 c4+ 48. Ke3 Bd8 49. Nd2 Bb6+ 50. Ke2 Bc5 51. Nb1 b4 52. cxb4 Bxb4 53. Ke3
Bc5+ 54. Kd2 Kd4 55. Nc3 Bb4 0-1

[Event "Kreis-Mitte-EM"]
[Site "Zirndorf"]
[Date "2014.01.05"]
[Round "5.10"]
[White "Mantel, Hans"]
[Black "Schwegler, Benjamin"]
[Result "1-0"]
[WhiteElo "1456"]
[BlackElo "1697"]
[PlyCount "25"]
[EventDate "2014.??.??"]
[WhiteTeam "Zabo-Eintracht Nbg."]
[BlackTeam "Zabo-Eintracht Nbg."]

1. e4 c5 2. Nc3 g6 3. g3 Bg7 4. Bg2 e6 5. d3 Ne7 6. Be3 d6 7. Qd2 Nbc6 8. Bh6
O-O 9. h4 Ne5 10. h5 Ng4 11. Bxg7 Kxg7 12. Qg5 Nf6 13. h6+ 1-0

[Event "Kreis-Mitte-EM"]
[Site "Zirndorf"]
[Date "2014.01.05"]
[Round "5.11"]
[White "Denninger, David"]
[Black "Münzenberg, Dietrich"]
[Result "0-1"]
[WhiteElo "1521"]
[BlackElo "1677"]
[PlyCount "124"]
[EventDate "2014.??.??"]
[WhiteTeam "TSV Cadolzburg"]
[BlackTeam "Zabo-Eintracht Nbg."]

1. e4 c6 2. Nf3 d5 3. e5 Bg4 4. d4 e6 5. Bd3 c5 6. c3 cxd4 7. O-O dxc3 8. Qa4+
Nc6 9. Qxg4 cxb2 10. Bxb2 Nh6 11. Qa4 a6 12. Nbd2 Be7 13. Nd4 Qa5 14. Qxa5 Nxa5
15. Rac1 Kd7 16. Bc3 Nc6 17. Nxc6 bxc6 18. Rb1 Rab8 19. Bxa6 c5 20. Bb5+ Kc8
21. a4 Ra8 22. Nf3 Nf5 23. Rfc1 Kc7 24. Bb4 c4 25. g4 Bxb4 26. Rxb4 Ne7 27. Nd4
Rhb8 28. Rcb1 Rb6 29. R4b2 Ng6 30. Nf3 Nf4 31. Ra2 Ra5 32. Kf1 Nd3 33. Nd4 Nxe5
34. Rab2 Nd3 35. Nb3 Nxb2 36. Nxa5 Nxa4 37. Ra1 Rxb5 38. Rxa4 Kb6 39. Nxc4+
dxc4 40. Rxc4 Rc5 41. Rd4 Kc7 42. Ke2 h6 43. h4 f6 44. Ra4 Kd7 45. Ke3 Ke7 46.
Ra7+ Kf8 47. f4 Rb5 48. Ra8+ Kf7 49. Ra7+ Kg6 50. h5+ Kh7 51. Re7 f5 52. Rxe6
fxg4 53. Rg6 Rxh5 54. Rxg4 Rf5 55. Ke4 g6 56. Rg3 Ra5 57. Rd3 h5 58. Rd5 Rxd5
59. Kxd5 Kg7 60. Ke5 h4 61. Ke4 Kf6 62. Kf3 Kf5 0-1

[Event "Kreis-Mitte-EM"]
[Site "Zirndorf"]
[Date "2014.01.05"]
[Round "5.12"]
[White "Mantel, Ruben"]
[Black "Hasenöder, Matthias"]
[Result "1-0"]
[WhiteElo "1665"]
[BlackElo "1541"]
[PlyCount "67"]
[EventDate "2014.??.??"]
[WhiteTeam "Zabo-Eintracht Nbg."]
[BlackTeam "Zabo-Eintracht Nbg."]

1. d4 d5 2. Nf3 e6 3. Bf4 c5 4. e3 a6 5. Nbd2 Nf6 6. c3 Nc6 7. Bd3 Bd6 8. Bg3
cxd4 9. exd4 b5 10. Ne5 Qc7 11. Ndf3 Bb7 12. O-O Ne4 13. Re1 Nxg3 14. hxg3 Bxe5
15. dxe5 h6 16. Bc2 g5 17. Qe2 O-O-O 18. Nd4 Kb8 19. a4 b4 20. Nxc6+ Qxc6 21.
cxb4 Qb6 22. Qd2 Rc8 23. a5 Qc7 24. Bd3 Qd7 25. b5 axb5 26. a6 Bc6 27. Qb4 Ka8
28. Rec1 Rb8 29. a7 Rb7 30. Ra6 Rc8 31. Rc5 Rxa7 32. Rxa7+ Qxa7 33. Bxb5 Qb7
34. Qa4+ 1-0

[Event "Kreis-Mitte-EM"]
[Site "Zirndorf"]
[Date "2014.01.05"]
[Round "5.13"]
[White "Schanz, Karlheinz"]
[Black "Ratscheu, Stefan"]
[Result "1-0"]
[WhiteElo "1736"]
[BlackElo "1552"]
[PlyCount "183"]
[EventDate "2014.??.??"]
[WhiteTeam "SC Mühlhof-R'dorf"]
[BlackTeam "SC Postbauer-Heng"]

1. c4 e5 2. Nc3 Nf6 3. g3 Nc6 4. Bg2 Bc5 5. e3 d6 6. Na4 Bb6 7. Nxb6 axb6 8. d3
Be6 9. e4 O-O 10. Ne2 Qd7 11. h3 Ne8 12. g4 g6 13. Bh6 Ng7 14. O-O f5 15. f3
Qe7 16. Qd2 f4 17. Qe1 Nd8 18. b3 c5 19. Qf2 Nf7 20. Bxg7 Kxg7 21. h4 g5 22. h5
Qd7 23. Nc3 h6 24. Rfb1 Rfb8 25. Kh2 Kh7 26. Nb5 Ra6 27. Rb2 Nd8 28. Rab1 Nc6
29. Kh3 Kg7 30. Bf1 Bf7 31. Kh2 Be6 32. Bh3 Bf7 33. Qd2 Rba8 34. Kg2 Be6 35.
Kf2 Bf7 36. Bf1 Be6 37. Be2 Na7 38. Nc3 Nc6 39. Bd1 Kf7 40. Rc1 Kg7 41. Nb5 Na7
42. a4 Nc6 43. Qe1 Nb4 44. Rd2 Nc6 45. Nc3 Nb4 46. Be2 Nc6 47. Na2 Nd4 48. Bd1
R6a7 49. Nc3 Nc6 50. Rb1 Ra6 51. Na2 R6a7 52. Rdb2 Nd4 53. Qg1 Nc6 54. b4 Nd4
55. Nc3 Nc6 56. Nb5 Ra6 57. bxc5 bxc5 58. Nc3 Nb4 59. Rxb4 cxb4 60. Rxb4 Qc7
61. Kg2 Kf6 62. Qf2 Qa5 63. Qb2 Qc5 64. Rxb7 R6a7 65. Rb5 Qc6 66. Qb4 Rd8 67.
Bb3 Rdd7 68. Ne2 Rdb7 69. d4 Rxb5 70. axb5 Qb6 71. c5 dxc5 72. dxc5 Qa5 73.
Qxa5 Rxa5 74. Bxe6 Kxe6 75. Nc3 Ra3 76. Nd5 Ra2+ 77. Kf1 Ra1+ 78. Ke2 Rb1 79.
Nc3 Rb3 80. Kd3 Rb4 81. Kc2 Rc4 82. c6 Kd6 83. Kd3 Rd4+ 84. Kc2 Rc4 85. Kb3 Rd4
86. Nd5 Rd3+ 87. Kb4 Rxf3 88. c7 Kd7 89. b6 Rf1 90. Ka5 Ra1+ 91. Kb5 f3 92. b7
1-0

[Event "Kreis-Mitte-EM"]
[Site "Zirndorf"]
[Date "2014.01.05"]
[Round "5.14"]
[White "Nagel, Felix"]
[Black "Weidenhöfer, Robert"]
[Result "0-1"]
[WhiteElo "1585"]
[BlackElo "1488"]
[PlyCount "70"]
[EventDate "2014.??.??"]
[WhiteTeam "SC Anderssen Nbg."]
[BlackTeam "SW Nürnberg Süd"]

1. e4 b6 2. Bc4 Bb7 3. Nc3 e6 4. d3 d5 5. exd5 exd5 6. Bb5+ Nd7 7. Nf3 Ngf6 8.
d4 Be7 9. O-O O-O 10. Bg5 c6 11. Bd3 Qc7 12. Ne2 Bd6 13. Ng3 h6 14. Bd2 Rae8
15. Qc1 Nh7 16. Nf5 Re6 17. h3 c5 18. c3 Qd8 19. Qb1 Ndf6 20. Qc1 Ne4 21. Bxe4
dxe4 22. Nh2 Bxh2+ 23. Kxh2 cxd4 24. Nxd4 Rg6 25. Qc2 e3 26. g3 Qd5 27. f3 exd2
28. Nf5 Re8 29. Rad1 Re2+ 30. Kg1 Rge6 31. Nd4 Ng5 32. h4 Nh3+ 33. Kh1 Nf2+ 34.
Kg1 Nxd1 35. Qxd1 Re1 0-1

[Event "Kreis-Mitte-EM"]
[Site "Zirndorf"]
[Date "2014.01.05"]
[Round "5.15"]
[White "Dreiseitel, Werner"]
[Black "Walch, Roger"]
[Result "0-1"]
[WhiteElo "1512"]
[BlackElo "1581"]
[PlyCount "50"]
[EventDate "2014.??.??"]
[WhiteTeam "SC N-T Nürnberg"]
[BlackTeam "SW Nürnberg Süd"]

1. d4 Nf6 2. c4 c5 3. d5 e6 4. Nc3 exd5 5. cxd5 d6 6. h3 g6 7. e4 Qe7 8. Bd3 a6
9. a4 Nbd7 10. Nf3 Bg7 11. O-O O-O 12. Bf4 b6 13. Re1 Ne5 14. Nxe5 dxe5 15. Be3
Rb8 16. Qd2 Rd8 17. Ne2 Ne8 18. Red1 Nd6 19. Ng3 Rf8 20. Rab1 Qc7 21. b3 f5 22.
exf5 gxf5 23. Bh6 e4 24. Bxg7 Qxg7 25. Bf1 f4 0-1

[Event "Kreis-Mitte-EM"]
[Site "Zirndorf"]
[Date "2014.01.05"]
[Round "5.16"]
[White "Nüßlein, Christian"]
[Black "Albayrak, Aylin"]
[Result "1-0"]
[WhiteElo "1677"]
[BlackElo "1467"]
[PlyCount "101"]
[EventDate "2014.??.??"]
[WhiteTeam "SGem Nürnberg 1978"]
[BlackTeam "Zabo-Eintracht Nbg."]

1. b4 c6 2. c4 e6 3. Bb2 Nf6 4. b5 d5 5. e3 c5 6. a4 d4 7. exd4 cxd4 8. Nf3 Bc5
9. d3 O-O 10. Be2 Re8 11. O-O e5 12. Nbd2 Bf5 13. Qc2 a5 14. Rfe1 Nbd7 15. Nb3
Ba7 16. Nfd2 Rc8 17. Bf3 b6 18. Rac1 Qc7 19. Ne4 Bb8 20. g3 Ng4 21. Nbd2 h5 22.
Ba3 Nc5 23. Nxc5 bxc5 24. Ne4 Qe7 25. Qe2 Bd7 26. h3 Nf6 27. Qf1 h4 28. Rc2
Nxe4 29. dxe4 Qg5 30. Bc1 Qg6 31. Kh2 hxg3+ 32. fxg3 Qh7 33. Rf2 g6 34. Qg2 Kg7
35. Ref1 Rc7 36. g4 Rh8 37. Be2 Be6 38. Rf6 Rd7 39. Bd3 Bc7 40. Qg3 Kf8 41.
Rxe6 Re7 42. Ref6 Ke8 43. Ba3 Bd8 44. Rc6 f5 45. Bxc5 f4 46. Qf3 Rf7 47. Rb1
Bh4 48. Rc8+ Kd7 49. Rxh8 Qxh8 50. Kg2 Bg3 51. b6 1-0

[Event "Kreis-Mitte-EM"]
[Site "Zirndorf"]
[Date "2014.01.05"]
[Round "5.17"]
[White "Held, Werner"]
[Black "Stohl, Peter"]
[Result "0-1"]
[WhiteElo "1269"]
[BlackElo "1622"]
[PlyCount "86"]
[EventDate "2014.??.??"]
[WhiteTeam "Zabo-Eintracht Nbg."]
[BlackTeam "SK Schwabach 1907"]

1. d4 f5 2. c4 e6 3. b3 Nf6 4. Nf3 b6 5. Nc3 Bb7 6. e3 Be7 7. Bd3 O-O 8. O-O
Qe8 9. a4 a6 10. Ra2 Bd6 11. Re1 Qh5 12. Ne5 Qe8 13. Rae2 Nc6 14. f4 Bb4 15.
Qc2 d6 16. Nf3 Ne7 17. Bd2 Qg6 18. e4 Bxc3 19. Bxc3 fxe4 20. Bxe4 Nxe4 21. Rxe4
Bxe4 22. Rxe4 d5 23. Re2 Qxc2 24. Rxc2 Rxf4 25. Re2 Re4 26. Rf2 Re3 27. Rc2 Rf8
28. c5 b5 29. axb5 axb5 30. Kf2 Re4 31. b4 g5 32. h3 h6 33. Rd2 Nf5 34. Rd3 Nh4
35. g3 Nxf3 36. Rxf3 Rxf3+ 37. Kxf3 Kf7 38. g4 c6 39. Kf2 Kg6 40. Kf3 h5 41.
gxh5+ Kxh5 42. Bb2 Kh4 43. Bc1 Rxd4 0-1

[Event "Kreis-Mitte-EM"]
[Site "Zirndorf"]
[Date "2014.01.05"]
[Round "5.18"]
[White "Gesellchen, Bernhard"]
[Black "Chowdhury, Sandip"]
[Result "1-0"]
[WhiteElo "1474"]
[BlackElo "1250"]
[PlyCount "57"]
[EventDate "2014.??.??"]
[WhiteTeam "SC Postbauer-Heng"]
[BlackTeam "SC N-T Nürnberg"]

1. e4 c5 2. Nf3 Nc6 3. Nc3 g6 4. Bc4 Bg7 5. d3 Nf6 6. h3 O-O 7. O-O Na5 8. Bb3
Nxb3 9. axb3 d6 10. Be3 Bd7 11. d4 b6 12. e5 Ne8 13. Re1 Qc8 14. Nd5 Qd8 15.
Bg5 f6 16. Nxe7+ Kh8 17. exf6 Nxf6 18. Nd5 h6 19. Nxf6 Bxf6 20. Bxh6 Rf7 21.
Qd2 Qc8 22. Kh2 Rh7 23. Bg5 Bg7 24. Nh4 Bf5 25. g4 Rxh4 26. Bxh4 Bd7 27. Re7
Bxg4 28. Bf6 d5 29. Qh6+ 1-0

[Event "Kreis-Mitte-EM"]
[Site "Zirndorf"]
[Date "2014.01.05"]
[Round "5.19"]
[White "Stohl, Tristan"]
[Black "Dreiseitel, Ursula"]
[Result "1-0"]
[WhiteElo "1375"]
[BlackElo "1406"]
[PlyCount "81"]
[EventDate "2014.??.??"]
[WhiteTeam "SK Schwabach 1907"]
[BlackTeam "SC N-T Nürnberg"]

1. d4 Nf6 2. Nc3 g6 3. Bg5 Bg7 4. e3 d6 5. Bd3 O-O 6. Nf3 Nbd7 7. O-O a6 8. h3
b5 9. a3 c5 10. dxc5 Nxc5 11. Qe2 Nxd3 12. Qxd3 Bb7 13. Qe2 Qb6 14. Rfd1 Rfc8
15. Rab1 Rc7 16. Bxf6 Bxf6 17. Nd5 Bxd5 18. Rxd5 Rac8 19. c3 e6 20. Rd3 d5 21.
e4 dxe4 22. Qxe4 Rc4 23. Qe2 a5 24. Rbd1 b4 25. cxb4 axb4 26. Nd2 Rc2 27. Qe4
bxa3 28. bxa3 Qa5 29. Rf3 Bg5 30. Nb3 Qxa3 31. Nd4 R2c3 32. Nb5 Qb3 33. Nxc3
Rxc3 34. Rb1 Qc2 35. Rb8+ Kg7 36. Qe5+ f6 37. Rb7+ Kh6 38. Qxc3 Qd1+ 39. Kh2
Qd6+ 40. g3 Bd2 41. Qxf6 1-0

[Event "Kreis-Mitte-EM"]
[Site "Zirndorf"]
[Date "2014.01.06"]
[Round "6.1"]
[White "Pidtoptanyy, Igor"]
[Black "Erlbeck, Peter"]
[Result "1/2-1/2"]
[WhiteElo "1816"]
[BlackElo "2038"]
[PlyCount "45"]
[EventDate "2014.??.??"]
[WhiteTeam "SW Nürnberg Süd"]
[BlackTeam "SW Nürnberg Süd"]

1. e4 c5 2. c3 Nf6 3. e5 Nd5 4. d4 cxd4 5. cxd4 Nc6 6. Nc3 Nxc3 7. bxc3 e6 8.
Bd3 d6 9. exd6 Bxd6 10. Nf3 Qc7 11. O-O h6 12. c4 O-O 13. Bb2 Nb4 14. Be2 b6
15. a3 Nc6 16. Rc1 Rd8 17. Qc2 Bf8 18. Qe4 f5 19. Qd3 Bd6 20. Qc3 Qe7 21. Rfe1
Bf4 22. Rcd1 Bb7 23. d5 1/2-1/2

[Event "Kreis-Mitte-EM"]
[Site "Zirndorf"]
[Date "2014.01.06"]
[Round "6.2"]
[White "Mantel, Hubert"]
[Black "Rausch, Wolfgang sr"]
[Result "0-1"]
[WhiteElo "1620"]
[BlackElo "1964"]
[PlyCount "28"]
[EventDate "2014.??.??"]
[WhiteTeam "Zabo-Eintracht Nbg."]
[BlackTeam "SC N-T Nürnberg"]

1. e4 Nf6 2. Nc3 d6 3. Bc4 e5 4. d3 Be7 5. h3 Nbd7 6. Be3 c6 7. Qd2 Qa5 8. Nf3
d5 9. exd5 cxd5 10. Bb5 d4 11. Bxd7+ Bxd7 12. Ne2 Bb4 13. c3 dxe3 14. cxb4
exd2+ 0-1

[Event "Kreis-Mitte-EM"]
[Site "Zirndorf"]
[Date "2014.01.06"]
[Round "6.3"]
[White "Haubold, Martin"]
[Black "Lais, Thomas"]
[Result "1-0"]
[WhiteElo "1996"]
[BlackElo "1899"]
[PlyCount "61"]
[EventDate "2014.??.??"]
[WhiteTeam "SC N-T Nürnberg"]
[BlackTeam "SW Nürnberg Süd"]

1. d4 Nf6 2. Bg5 Ne4 3. Bf4 c5 4. d5 d6 5. f3 Nf6 6. e4 g6 7. Nd2 Bg7 8. c3 O-O
9. Bc4 Nbd7 10. Ne2 Nh5 11. Be3 Ne5 12. Qc2 Nxc4 13. Nxc4 b5 14. Nd2 a5 15. O-O
Bd7 16. Rab1 Qc7 17. a3 a4 18. g4 Nf6 19. Ng3 e5 20. dxe6 Bxe6 21. g5 Nd7 22.
f4 f5 23. gxf6 Nxf6 24. f5 Ng4 25. Bf4 gxf5 26. exf5 Bd5 27. Nde4 Rad8 28. Qd1
Bxe4 29. Nxe4 Ne5 30. Qd5+ Kh8 31. Bg5 1-0

[Event "Kreis-Mitte-EM"]
[Site "Zirndorf"]
[Date "2014.01.06"]
[Round "6.4"]
[White "Brenner, Christian"]
[Black "Rummel, Gerald"]
[Result "1-0"]
[WhiteElo "1969"]
[BlackElo "1844"]
[PlyCount "105"]
[EventDate "2014.??.??"]
[WhiteTeam "Zabo-Eintracht Nbg."]
[BlackTeam "SC Anderssen Nbg."]

1. e4 e6 2. d4 d5 3. Nc3 Bb4 4. e5 c5 5. a3 Bxc3+ 6. bxc3 Ne7 7. a4 Qa5 8. Bd2
c4 9. Be2 Bd7 10. Nh3 Nbc6 11. O-O h6 12. Nf4 O-O-O 13. Nh5 Rhg8 14. Re1 Kb8
15. Bf3 Ka8 16. Qe2 Nc8 17. Reb1 Nb6 18. g3 Nxa4 19. Qd1 b5 20. Qc1 a6 21. Be1
Rb8 22. Qa3 Qd8 23. Bd2 Qe7 24. Qc1 Ka7 25. Qe1 Qd8 26. Qe3 Ne7 27. Bg4 Nf5 28.
Qf3 Bc8 29. Nf4 g6 30. Bxf5 gxf5 31. Nh5 Rh8 32. Nf6 Qf8 33. Bc1 Qg7 34. h4 Rb7
35. Kh2 Bd7 36. Ba3 Bc6 37. Bd6 Rd8 38. Bb4 Ka8 39. Qf4 Ra7 40. Ba5 Rc8 41. Rg1
Qg6 42. f3 h5 43. Rg2 Rh8 44. Qc1 Qh6 45. f4 Qf8 46. Qd1 Qh6 47. Bb4 a5 48. Bd6
Nxc3 49. Qc1 Ne4 50. Qa3 Nxf6 51. exf6 Rd8 52. Qc5 Rdd7 53. Qxc6+ 1-0

[Event "Kreis-Mitte-EM"]
[Site "Zirndorf"]
[Date "2014.01.06"]
[Round "6.5"]
[White "Süß, Stefan"]
[Black "Mantel, Hans"]
[Result "1/2-1/2"]
[WhiteElo "1971"]
[BlackElo "1456"]
[PlyCount "99"]
[EventDate "2014.??.??"]
[WhiteTeam "SC N-T Nürnberg"]
[BlackTeam "Zabo-Eintracht Nbg."]

1. d4 d5 2. c4 c6 3. Nc3 Nf6 4. Nf3 Bg4 5. Ne5 Bf5 6. cxd5 cxd5 7. Qa4+ Bd7 8.
Qb3 Bc6 9. Bf4 e6 10. Rc1 Nbd7 11. h3 Nxe5 12. Bxe5 Bd6 13. Bxd6 Qxd6 14. Nb5
Qd7 15. e3 O-O 16. Bd3 Rfc8 17. O-O Ne4 18. Rc2 a6 19. Bxe4 Bxb5 20. Bd3 Bxd3
21. Qxd3 Qa4 22. Rfc1 Rc6 23. Rxc6 bxc6 24. Qc2 Qxa2 25. Qxc6 Rf8 26. Qb7 a5
27. Kh2 a4 28. Rc3 Qb1 29. Ra3 Qc2 30. f3 h6 31. Qb4 Qc7+ 32. f4 Rb8 33. Qd2
Qb6 34. Rxa4 Qxb2 35. Qxb2 Rxb2 36. Kg3 Kh7 37. Ra7 Kg6 38. Kf3 Kf6 39. Rd7 Rb1
40. Rc7 Rb2 41. Rc3 h5 42. Rc8 g6 43. Rg8 Rb1 44. Re8 Rc1 45. Rb8 Rc2 46. Rb1
Ra2 47. Rg1 Rc2 48. g4 Rh2 49. Kg3 Re2 50. Kf3 1/2-1/2

[Event "Kreis-Mitte-EM"]
[Site "Zirndorf"]
[Date "2014.01.06"]
[Round "6.6"]
[White "Luther, Helmut"]
[Black "Mantel, Ruben"]
[Result "1/2-1/2"]
[WhiteElo "1891"]
[BlackElo "1665"]
[PlyCount "54"]
[EventDate "2014.??.??"]
[WhiteTeam "SW Nürnberg Süd"]
[BlackTeam "Zabo-Eintracht Nbg."]

1. d4 d5 2. Nf3 Nf6 3. g3 Bf5 4. c4 dxc4 5. Nc3 c6 6. Bg2 e6 7. Ne5 Bb4 8. O-O
Bxc3 9. bxc3 Be4 10. f3 Bg6 11. Nxc4 O-O 12. Ba3 Re8 13. Qb3 b5 14. Ne5 Nd5 15.
e4 Ne3 16. Rfe1 Nxg2 17. Kxg2 Qc7 18. Nxg6 hxg6 19. e5 Nd7 20. Bd6 Qb7 21. Reb1
Nb6 22. a4 a6 23. c4 Rec8 24. axb5 cxb5 25. cxb5 axb5 26. Rxa8 Qxa8 27. Rb2 Nd5
1/2-1/2

[Event "Kreis-Mitte-EM"]
[Site "Zirndorf"]
[Date "2014.01.06"]
[Round "6.8"]
[White "Drees, Martin"]
[Black "Thürauf, Peter"]
[Result "1-0"]
[WhiteElo "1711"]
[BlackElo "1823"]
[PlyCount "83"]
[EventDate "2014.??.??"]
[WhiteTeam "TSV Cadolzburg"]
[BlackTeam "SW Nürnberg Süd"]

1. e4 c5 2. c3 Nf6 3. e5 Nd5 4. d4 cxd4 5. cxd4 Nc6 6. Nf3 d6 7. Bc4 Nb6 8. Bb5
e6 9. O-O Be7 10. Nc3 O-O 11. Bf4 dxe5 12. dxe5 Nd5 13. Nxd5 exd5 14. Rc1 Na5
15. Qd2 Be6 16. Nd4 Nc4 17. Bxc4 dxc4 18. Nxe6 fxe6 19. Rxc4 Qxd2 20. Bxd2 Rfd8
21. Bc3 Rac8 22. Rxc8 Rxc8 23. Rd1 Kf8 24. h3 Ke8 25. Rd3 Rc4 26. Rd4 Rc6 27.
Kf1 Ra6 28. a3 Rc6 29. Bb4 Rc2 30. Bxe7 Kxe7 31. Rb4 b6 32. g3 Rc5 33. Re4 Rc1+
34. Re1 Rc2 35. Re2 Rc1+ 36. Kg2 Rc5 37. f4 Rd5 38. Kf3 Rd4 39. Ke3 Rd1 40. Rc2
Rd7 41. Rc6 Kf7 42. f5 1-0

[Event "Kreis-Mitte-EM"]
[Site "Zirndorf"]
[Date "2014.01.06"]
[Round "6.9"]
[White "Babichev, Vyacheslav"]
[Black "Schlötterer, Hermann"]
[Result "0-1"]
[WhiteElo "1683"]
[BlackElo "1812"]
[PlyCount "111"]
[EventDate "2014.??.??"]
[WhiteTeam "SW Nürnberg Süd"]
[BlackTeam "Zabo-Eintracht Nbg."]

1. b3 Nf6 2. Bb2 e6 3. g3 Be7 4. Bg2 c5 5. c4 Nc6 6. e3 O-O 7. Ne2 d6 8. d3 Qc7
9. O-O a6 10. Nbc3 Rb8 11. d4 cxd4 12. Nxd4 Bd7 13. Nc2 Ne5 14. Nd4 Rfd8 15.
Rc1 Qb6 16. Qe2 Nc6 17. Na4 Qc7 18. c5 Nxd4 19. Bxd4 Bb5 20. Qb2 Bxf1 21. cxd6
Qxd6 22. Bxf1 Qa3 23. Qc2 Nd5 24. Bb2 Qd6 25. Rd1 Rbc8 26. Qb1 b5 27. e4 bxa4
28. exd5 axb3 29. axb3 exd5 30. Bg2 Qc6 31. Rc1 Qb5 32. Re1 Bc5 33. Ba1 d4 34.
Bf1 Qb6 35. Bc4 Re8 36. Rf1 a5 37. Qd3 Re7 38. Bb2 a4 39. Qc2 a3 40. Ba1 Rce8
41. Qd2 Rd8 42. Qd3 Qb4 43. Qd1 d3 44. Bxd3 Red7 45. Bxh7+ Kxh7 46. Qc2+ Kg8
47. Bc3 Qb6 48. Kg2 Bd4 49. Be1 Qb7+ 50. Kg1 Qf3 51. Qa2 Bb2 52. b4 Rd1 53. b5
Qe2 54. Kg2 Rxe1 55. Rxe1 Qxe1 56. Qxf7+ 0-1

[Event "Kreis-Mitte-EM"]
[Site "Zirndorf"]
[Date "2014.01.06"]
[Round "6.10"]
[White "Münzenberg, Dietrich"]
[Black "Schanz, Karlheinz"]
[Result "1/2-1/2"]
[WhiteElo "1677"]
[BlackElo "1736"]
[PlyCount "96"]
[EventDate "2014.??.??"]
[WhiteTeam "Zabo-Eintracht Nbg."]
[BlackTeam "SC Mühlhof-R'dorf"]

1. d4 d5 2. Nf3 Bf5 3. c4 e6 4. Nc3 c6 5. Bg5 Nf6 6. Qb3 Qc7 7. Nd2 Nbd7 8. Rc1
Qb6 9. c5 Qc7 10. g3 Be7 11. Bg2 h6 12. Bxf6 Bxf6 13. e4 Bg6 14. e5 Be7 15. Qa3
b6 16. b4 bxc5 17. bxc5 O-O 18. O-O f5 19. f4 Bh5 20. Bf3 Bxf3 21. Nxf3 Kf7 22.
Rb1 Rab8 23. Rb3 Rxb3 24. axb3 Qb7 25. b4 a6 26. Rb1 Rg8 27. Kf2 g5 28. Rg1 Nb8
29. Ne2 g4 30. Nd2 Bd8 31. Nc3 Rg7 32. Ra1 Kg8 33. Nb3 h5 34. Na5 Qd7 35. Qa4
Qe8 36. Ne2 Rh7 37. Rh1 h4 38. Kg2 Bxa5 39. Qxa5 h3+ 40. Kf2 Qc8 41. Nc3 Rb7
42. Rb1 Kf7 43. Ke2 Ke7 44. Kd2 Ke8 45. Kc2 Rd7 46. Na4 Qb7 47. Nb6 Re7 48. Ra1
Rc7 1/2-1/2

[Event "Kreis-Mitte-EM"]
[Site "Zirndorf"]
[Date "2014.01.06"]
[Round "6.11"]
[White "Walch, Roger"]
[Black "Weidenhöfer, Robert"]
[Result "1-0"]
[WhiteElo "1581"]
[BlackElo "1488"]
[PlyCount "45"]
[EventDate "2014.??.??"]
[WhiteTeam "SW Nürnberg Süd"]
[BlackTeam "SW Nürnberg Süd"]

1. e4 b6 2. d4 Bb7 3. Bd3 e6 4. Qe2 c5 5. c3 Nf6 6. Nf3 Be7 7. O-O O-O 8. Nbd2
d6 9. Re1 cxd4 10. cxd4 Nbd7 11. Nf1 e5 12. Ng3 Re8 13. Bc4 exd4 14. Ng5 Ne5
15. Nf5 Nxc4 16. Qxc4 d5 17. Qxd4 Bc5 18. Qd2 Nxe4 19. Nxe4 Rxe4 20. Rxe4 dxe4
21. Qe2 Qd5 22. Qg4 Bd4 23. Ne7+ 1-0

[Event "Kreis-Mitte-EM"]
[Site "Zirndorf"]
[Date "2014.01.06"]
[Round "6.12"]
[White "Pörzgen, Michael"]
[Black "Schwegler, Benjamin"]
[Result "1/2-1/2"]
[WhiteElo "1586"]
[BlackElo "1697"]
[PlyCount "25"]
[EventDate "2014.??.??"]
[WhiteTeam "SW Nürnberg Süd"]
[BlackTeam "Zabo-Eintracht Nbg."]

1. e4 c5 2. Nc3 g6 3. f4 Bg7 4. Bc4 e6 5. Nf3 Ne7 6. O-O O-O 7. d3 a6 8. a3 b5
9. Bb3 d5 10. exd5 exd5 11. Ne5 d4 12. Ne4 Qc7 13. Qe1 1/2-1/2

[Event "Kreis-Mitte-EM"]
[Site "Zirndorf"]
[Date "2014.01.06"]
[Round "6.13"]
[White "Hasenöder, Matthias"]
[Black "Nüßlein, Christian"]
[Result "1-0"]
[WhiteElo "1541"]
[BlackElo "1677"]
[PlyCount "49"]
[EventDate "2014.??.??"]
[WhiteTeam "Zabo-Eintracht Nbg."]
[BlackTeam "SGem Nürnberg 1978"]

1. c4 Nf6 2. Nf3 g6 3. Nc3 d5 4. cxd5 Nxd5 5. g3 Nxc3 6. bxc3 c5 7. Bg2 Bg7 8.
O-O O-O 9. Ba3 Qc7 10. Rb1 Re8 11. Qc2 Bf5 12. e4 Bc8 13. Rfc1 b6 14. d4 cxd4
15. cxd4 Qxc2 16. Rxc2 Bb7 17. d5 Na6 18. Rbc1 Bh6 19. Rd1 e6 20. Nd4 exd5 21.
exd5 Rac8 22. Nc6 Nb8 23. Ne7+ Rxe7 24. Rxc8+ Bxc8 25. Bxe7 1-0